Compra pública ètica de roba i tèxtils a les administracions locals
MARC
| LEADER | 00000nam a2200000Ia 4500 | ||
|---|---|---|---|
| 001 | 16820 | ||
| 003 | BGR | ||
| 005 | 20260324175415.0 | ||
| 008 | 160829s2005 xx 000 0 cat d | ||
| 080 | |a FU-46-2 | ||
| 111 | |a Jornada Compra Pública Ètica de Roba i Tèxtils a les Administracions Locals |9 71199 |c (Barcelona : |d 2005) | ||
| 245 | |a Compra pública ètica de roba i tèxtils a les administracions locals | ||
| 260 | |a Barcelona : |b Xarxa per la Compra Pública Ètica, |c 2005 | ||
| 300 | |a [9] fulls ; |c 30 cm | ||
| 590 | |a Convoquen la Jornada: Setem; Diputació de Barcelona, Xarxa de Municipis; Fons Català de Cooperació al Desenvolupament; Ajuntament de Barcelona; Ajuntament de Badalona; Ajuntament de Manresa | ||
| 650 | |a Teixits i tèxtils |x Indústria i comerç |x Catalunya |x Congressos |9 32117 | ||
| 650 | |a Teixits i tèxtils |x Dret i legislació |x Catalunya |x Congressos |9 32118 | ||
| 650 | |a Comerç exterior |x Regulació |x Països en vies de desenvolupament |9 32119 | ||
| 710 | 1 | |a Badalona (Catalunya). |b Ajuntament |9 51810 | |
| 710 | 2 | |a SETEM Catalunya |9 68069 | |
| 710 | 1 | |a Manresa (Catalunya). |b Ajuntament |9 51573 | |
| 710 | 1 | |a Barcelona (Catalunya). |b Ajuntament |9 50981 | |
| 710 | 1 | |a Barcelona (Catalunya : Província). |b Diputació |9 52408 | |
| 710 | 2 | |a Fons Català de Cooperació al Desenvolupament |9 10841 | |
| 901 | |a Arxiu | ||
| 942 | |n 1 |2 udc |c MON | ||
| 952 | |0 0 |1 0 |4 0 |6 FU462 |7 1 |9 45877 |a Arxiu |b Arxiu |d 2016-12-01 |l 0 |o FU-46-2 |p 16820 |r 2016-12-01 00:00:00 |w 2016-12-01 |y ARXIU | ||
| 999 | |c 49378 |d 49378 | ||